UBT Library

Leadership roles and management functions in nursing : (Record no. 42857)

000 -LEADER
fixed length control field 00825cam a2200277 i 4500
001 - CONTROL NUMBER
control field 17881892
005 - DATE AND TIME OF LATEST TRANSACTION
control field 20180220031918.0
008 - FIXED-LENGTH DATA ELEMENTS--GENERAL INFORMATION
fixed length control field 130910s2015 paua b 001 0 eng
010 ## - LIBRARY OF CONGRESS CONTROL NUMBER
LC control number 2013036678
020 ## - INTERNATIONAL STANDARD BOOK NUMBER
International Standard Book Number 9781451192810
020 ## - INTERNATIONAL STANDARD BOOK NUMBER
International Standard Book Number 1451192819
035 ## - SYSTEM CONTROL NUMBER
System control number (DNLM)101616723
040 ## - CATALOGING SOURCE
Original cataloging agency DNLM/DLC
Language of cataloging eng
Transcribing agency DLC
Description conventions rda
Modifying agency DLC
041 ## - LANGUAGE CODE
Language code of text/sound track or separate title eng
042 ## - AUTHENTICATION CODE
Authentication code pcc
060 10 - NATIONAL LIBRARY OF MEDICINE CALL NUMBER
Classification number WY 105
080 ## - UNIVERSAL DECIMAL CLASSIFICATION NUMBER
Universal Decimal Classification number 362.173068 MAR
082 00 - DEWEY DECIMAL CLASSIFICATION NUMBER
Classification number 362.173068 MAR
Edition number 23
100 1# - Rafti
Rafti 3
101 ## - Shkurtesa
Shkurtesa INF
245 10 - TITLE STATEMENT
Title Leadership roles and management functions in nursing :
Statement of responsibility, etc Bessie L. Marquis, Carol J. Huston.
504 ## - BIBLIOGRAPHY, ETC. NOTE
Bibliography, etc Includes bibliographical references and index.
906 ## - LOCAL DATA ELEMENT F, LDF (RLIN)
a 7
b cbc
c orignew
d 1
e ecip
f 20
g y-gencatlg
942 ## - ADDED ENTRY ELEMENTS (KOHA)
Source of classification or shelving scheme
Item type Books
Holdings
Withdrawn status Lost status Source of classification or shelving scheme Damaged status Not for loan Collection code Permanent location Current location Shelving location Date acquired Total Checkouts Full call number Barcode Date last seen Price effective from Koha item type
          Koleksioni i përgjithshem UBT - Lipjan UBT - Lipjan Koleksioni i përgjithshem 02/20/2018   362.173068 MAR 002-2998371 02/20/2018 02/20/2018 Books
UBT Library © 2015-2024. All rights reserved University Education for Business and Technology